LEADER 00808nam a2200193 i 4500 001 000000011012 003 CaOOAMICUS 005 20180830125440.0 008 180830s1996 it u000 u ita u 040 $aSeMil$bita 245 13$aLo specchio del paradiso. 260 $a[Trieste] :$bRAS,$ccopyr. 1996-copyr. 1998. 300 $av. ;$c33 cm. 650 4$aGiardini - Storia.$0(OLS)http://semarc/subject/1791 774 0 $aFagiolo, Marcello$tGiardino e teatro dall'Antico al Novecento.$w()108402 774 0 $aFagiolo, Marcello$tImmagine del giardino dall'Antico al Novecento.$w()122936 774 0 $aFagiolo, Marcello$tGiardino e il sacro dall'Antico all'Ottocento.$w()123028 996 $6245$aLo specchio del paradiso$9(OLS)http://semarc/title/14550 996 $6260$a[Trieste] :$bRAS$9(OLS)http://semarc/publisher/31662 LEADER 01181nam a2200289 i 4500 001 000000107658 003 CaOOAMICUS 005 20050919000000.0 008 050919s1981 it u000 u ita u 013 $a80039 040 $aSeMil$bita 100 1 $aPicasso, Pablo <1881-1973>.$0(OLS)http://semarc/name/34947 245 10$aTori e toreri /$cPablo Picasso ; presentazione di Mario De Micheli ; «testo» di Luis Miguel Dominguin. 260 $aMilano :$bJaca Book,$c1981. 300 $a34 p., [56] p. di tav., [29] c. di tav. ;$c38 cm. 490 0 $aI contemporanei 500 $aFondo Ciprandi. 600 14$aPicasso, Pablo <1881-1973>.$0(OLS)http://semarc/subject/2764 700 1 $aDominguin, Luis Miguel.$0(OLS)http://semarc/name/45328 700 1 $aDe Micheli, Mario.$0(OLS)http://semarc/name/15482 830 2$aI contemporanei.$0(OLS)http://semarc/title/11944 850 $aSeMil 852 $aSeMil$W1$xVenegono$y1$m5N XII 18$j63754$B63754$CSeMilBibl$Z2$F103105 $8I 941 1 $a1 961 $aOmaggio: Ciprandi dott. Paolo 996 $6245$aTori e toreri$9(OLS)http://semarc/title/156358 996 $6260$aMilano :$bJaca Book$9(OLS)http://semarc/publisher/29781